Edicto del obispo de San Luis Potosí sobre la coronación de Nuestra Señora de Guadalupe

Detalles Bibliográficos
Autor Corporativo: Arquidiócesis de San Luis Potosí (México)
Otros Autores: Montes de Oca y Obregón, José María Ignacio, ob. de San Luis Potosí, 1840-1921
Formato: Libro
Lenguaje:Spanish
Publicado: San Luis Potosí : imprenta de Dávalos, 1887.
Materias:
Colección:Banco de datos
Acervo:Seminario Conciliar de Nuestra Señora de Guadalupe Querétaro. Qro.. Biblioteca Florencio Rosas. Fondo Histórico
Descripción Física:9 p. ; 21 cm.
Tema general:Derecho eclesiástico
Mariología - Advocaciones - Guadalupe
Notas:Ex libris manuscrito en la portada: "M. Y. y V. Cab[...] junio de 87"
LEADER 00896nam a22002170004500
035 |a 4144 
041 0 |a spa 
110 1 |a Arquidiócesis de San Luis Potosí (México) 
240 0 0 |a Edicto, 1887-06-01 
245 1 0 |a Edicto del obispo de San Luis Potosí sobre la coronación de Nuestra Señora de Guadalupe 
260 |a San Luis Potosí : imprenta de Dávalos, 1887. 
300 |a 9 p. ; 21 cm. 
500 |a Ex libris manuscrito en la portada: "M. Y. y V. Cab[...] junio de 87" 
501 |a 39 obras 
650 1 0 |a Derecho eclesiástico 
650 1 0 |a Mariología - Advocaciones - Guadalupe 
700 1 |a Montes de Oca y Obregón, José María Ignacio, ob. de San Luis Potosí, 1840-1921 
949 |a Fondo Histórico: 10499-D 
942 |c Q.R.H.T 
943 |g Seminario Conciliar de Nuestra Señora de Guadalupe Querétaro. Qro.. Biblioteca Florencio Rosas. Fondo Histórico 
999 |c 1085599  |d 1085599